| 000 | 00380 a2200145 4500 | ||
|---|---|---|---|
| 001 | 166344 | ||
| 020 | _a | ||
| 040 | _cMagnum | ||
| 100 | _aPapert, Seymour | ||
| 240 | 1 | 0 |
_aA maquina das criancas: repensando a escola na era da informatica _lpor |
| 245 | 1 | 0 | _aA maquina das criancas: repensando a escola na era da informatica |
| 362 | 0 | _a1899 | |
| 697 | _aGERAL | ||
| 942 | _cBK | ||
| 999 |
_c166344 _d166344 |
||